50 Clicks in 15 Seconds - Statistics

General Stats
  • This quiz has been taken 86 times
  • The average score is 49 of 50
Answer Stats
Hint Answer % Correct
Click I'd click here
100%
Click I'd click here
100%
Click I'd click here
100%
Click I'd click here
100%
Click I'd click here
100%
Click I'd click here
100%
Click I'd click here
100%
Click I'd click here
100%
Click I'd click here
100%
Click I'd click here
100%
Click I'd click here
100%
Click I'd click here
100%
Click I'd click here
100%
Click I'd click here
100%
Click I'd click here
98%
Click I'd click here
98%
Click I'd click here
98%
Click I'd click here
98%
Click I'd click here
98%
Click I'd click here
98%
Click I'd click here
96%
Click I'd click here
96%
Click I'd click here
96%
Click I'd click here
96%
Click I'd click here
96%
Click I'd click here
96%
Click I'd click here
96%
Click I'd click here
96%
Click I'd click here
96%
Click I'd click here
96%
Click I'd click here
96%
Click I'd click here
96%
Click I'd click here
96%
Click I'd click here
96%
Click I'd click here
96%
Click I'd click here
96%
Click I'd click here
96%
Click I'd click here
96%
Click I'd click here
96%
Click I'd click here
96%
Click I'd click here
96%
Click I'd click here
96%
Click I'd click here
96%
Click I'd click here
96%
Click I'd click here
96%
Click I'd click here
94%
Click I'd click here
94%
Click I'd click here
94%
Click I'd click here
94%
Click I'd click here
92%
No matching quizzes found
Score Distribution
Percent of People with Each Score
Percentile by Number Answered
Your Score History
You have not taken this quiz